Economics of the product markets of agriculture (Record no. 29778)

MARC details
000 -LEADER
fixed length control field 00297nam a2200109Ia 4500
082 ## - DEWEY DECIMAL CLASSIFICATION NUMBER
Classification number 339.138
Item number BRE
100 ## - MAIN ENTRY--AUTHOR NAME
Personal name BREIMYER, Harold F
245 #0 - TITLE STATEMENT
Title Economics of the product markets of agriculture
260 ## - PUBLICATION, DISTRIBUTION, ETC. (IMPRINT)
Place of publication Iowa
Name of publisher Iowa Stat Uty
Year of publication 1976
942 ## - ADDED ENTRY ELEMENTS (KOHA)
Koha item type Books
Holdings
Withdrawn status Lost status Damaged status Not for loan Home library Current library Date acquired Full call number Accession Number Koha item type
        RRII Library RRII Library 16/12/2021 339.138 BRE 10358 Books